[Event "Stuttgart-chB int"]
[Site "Ditzingen"]
[Date "2005.05.05"]
[Round "1"]
[White "Lohmueller, Peter"]
[Black "Keller, Marcel"]
[Result "1-0"]
[WhiteElo "1753"]
[BlackElo "1399"]
[PlyCount "81"]
[EventDate "2005.05.05"]
[EventType "swiss"]
[EventRounds "7"]
[EventCountry "GER"]
[SourceTitle "EXT 2018"]
[Source "ChessBase"]
[SourceDate "2017.10.13"]
[SourceVersion "1"]
[SourceVersionDate "2017.10.13"]
[SourceQuality "1"]

1. e4 e5 2. Nf3 Nc6 3. c3 Nf6 4. d4 exd4 5. e5 Ng4 6. cxd4 Bb4+ 7. Nc3 0-0 8. h3 Nh6 9. Bxh6 gxh6 10. Bd3 Ne7 11. 0-0 Ng6 12. Rc1 c6 13. Ne4 Be7 14. Qd2 Kg7 15. Nh2 d5 16. Ng3 Bg5 17. f4 Bh4 18. Nh5+ Kh8 19. Nf3 Rg8 20. f5 Nf8 21. Qxh6 Bg5 22. Nxg5 Qxg5 23. Qxg5 Rxg5 24. Nf6 Nd7 25. Ne8 Nb6 26. Nd6 Kg7 27. Rf4 h5 28. Rcf1 Kf8 29. b3 Rb8 30. Be2 Bd7 31. Rh4 Ke7 32. Rxh5 Rg3 33. f6+ Kf8 34. Rh8+ Rg8 35. Rh7 Be6 36. Bg4 Rg6 37. Bxe6 fxe6 38. Nxb7 Kg8 39. Re7 Kf8 40. Nd6 Nc8 41. Re8# 1-0